Famille royale d'Angleterre - Vrai-faux - Statistiques

Statistiques générales
  • Ce quiz a été pris 642 fois
    634 depuis la dernière actualisation
  • Le résultat moyen est 24 sur 40
Statistiques - réponses
Question Réponse % Correct
Le prénom du mari de la reine Elisabeth II était Philip VRAI
95%
La reine Elisabeth II et son mari ont eu 5 enfants FAUX
91%
Elisabeth était bien le premier prénom de la reine ? VRAI
91%
Le prince et la princesse de Galles ont 3 enfants VRAI
90%
L'épouse de l'actuel prince de Galles se prénomme Catherine VRAI
87%
Le second dans l'ordre de succession au trône est le fils du prince de Galles, prénommé Andrew FAUX
86%
Le fils ainé de la reine Elisabeth II et de son mari, l'actuel roi Charles III est né en 1948 VRAI
84%
La reine Elisabeth II portait aussi les prénoms de Margaret et Mary FAUX
78%
Les enfants de la princesse Ann se nomment Zara et Peter VRAI
77%
Mia, Lena et Lucas sont les enfants de Zara Phillips qui a épousé Mike Tindall, un joueur de rugby en 2011 VRAI
72%
Andrew, fils de la reine Elisabeth II est titré duc d'York VRAI
72%
Andrew a épousé en 1986 Sarah Ferguson dont il a divorcé en 1996 VRAI
72%
Les enfants nés du 1er mariage de Charles III se prénomment Henry et William VRAI
69%
Charles III a épousé en seconde noces Camilla Shand en 2005 VRAI
69%
La troisième sur la liste des prétendants à la couronne est prénommée Charlotte VRAI
69%
Le prince Edward et sa femme ont eu deux enfants, Louise et James VRAI
68%
Edward a épousé en 1999 Sophie Rhys-Jones. Ils ont divorcé en 2012. FAUX
61%
La fille de Henry a pour second prénom Diana VRAI
60%
La soeur de la reine Elisabeth II, décédée en 2002, se prénommait Margaret VRAI
60%
La princesse Ann a des petits-enfants prénommés Mia, Lena, Lucas, Isla et Columbia FAUX
57%
Andrew a eu deux filles, Béatrice et Victoria FAUX
57%
Les enfants de Henry se prénomment Archibald et Elisabeth FAUX
57%
Le dernier enfant de la reine Elisabeth II et de son mari est Andrew né en 1960 FAUX
55%
Le fils ainé de la princesse a épousé Summer Kelly en 2008 FAUX
54%
La fille de Henry est né à Londres en 2021 FAUX
53%
La princesse Ann qui était deuxième dans l'ordre de succession au trône à sa naissance est aujourd'hui seizième... VRAI
51%
La princesse Ann a épousé en 1ères noces un officier également champion olympique prénommé Anthony FAUX
50%
La reine Elisabeth II a eu 9 petits-enfants FAUX
49%
Le prince Edward est titré comte de Sussex FAUX
46%
La soeur de la reine Elisabeth II est la mère de David et Sarah Armstrong-Jones VRAI
44%
Le premier prénom du père de la reine Elisabeth II était Albert et on l'appelait Bertie VRAI
43%
Le prénom de la mère de la reine Elisabeth II était Mary FAUX
42%
Un des parrains de Zara Phillips est la premier mari de l'actuelle reine consort. VRAI
42%
Le 23e rang dans l'ordre de succession au trône est occupé par Lucas Tindall VRAI
40%
La fille du prince de Galles a pour deuxième prénom Diana FAUX
38%
A sa naissance, Elisabeth II avait 3 oncles et une tante paternels. VRAI
33%
Charles III a épousé Lady Diana Spencer en 1ères noces en 1980 FAUX
32%
Le père de la reine Elisabeth II était le roi George V FAUX
31%
Henry, fils de Charles III a épousé Meghan Markle en 2017 FAUX
26%
La princesse Ann a épousé en 2e noces Timothy Lawrence, un officier, en 1995 FAUX
18%
Aucun quiz correspondant
Distribution des résultats
% des personnes avec chaque résultat
Percentile par nombre de réponses
Votre historique - résultats
Vous n’avez pas pris ce quiz depuis la dernière actualisation